000 00653nam a2200193 a 4500
005 20140412111317.0
008 010323s19uu xx 00 eng d
020 _a0-86760-555-3
050 _aER
_bPe31 1984
100 _aFrank, Penny
245 _aPeople Jesus met /
_cstory by Penny Frank ; illustrated by John Haysom.
260 _aOxford :
_bLion Publishing,
_c1984.
300 _a1 v. (unp.) ; ill.
440 _aThe Lion Story Bible
650 _aJesus - Miracles - Juvenile literature
650 _aJesus Christ - Influence - Juvenile literature
650 _aJesus Christ - Friends and associates - Juvenile literature
999 _c104282
_d104282